The Rolling resistance, wear and traction properties of tread compounds (Record no. 71002)

MARC details
000 -LEADER
fixed length control field 00381nam a2200133Ia 4500
100 ## - MAIN ENTRY--AUTHOR NAME
Personal name Grosch K A
245 #4 - TITLE STATEMENT
Title The Rolling resistance, wear and traction properties of tread compounds
260 ## - PUBLICATION, DISTRIBUTION, ETC. (IMPRINT)
Name of publisher Rubber chemistry and Technology
Year of publication 1996
300 ## - PHYSICAL DESCRIPTION
Number of Pages 495-568
650 ## - SUBJECT ADDED ENTRY--TOPICAL TERM
Topical Term 1996 reviews
650 ## - SUBJECT ADDED ENTRY--TOPICAL TERM
Topical Term Tread compounds
942 ## - ADDED ENTRY ELEMENTS (KOHA)
Koha item type Journals
Holdings
Withdrawn status Lost status Damaged status Not for loan Home library Current library Shelving location Date acquired Serial Enumeration / chronology Koha item type
      Journals RRII Library RRII Library Rubber chemistry 17/12/2021 Volume 69, Issue 3 Journals